| 000 | 00677nam a2200253 a 4500 | ||
|---|---|---|---|
| 999 |
_c6609 _d6609 |
||
| 001 | 6216 | ||
| 003 | BD-DhUAP | ||
| 005 | 20210104150021.0 | ||
| 008 | 210104s1994 enk b 000 1 eng d | ||
| 020 | _a0140620109 | ||
| 040 |
_aDLC _cDLC _beng _dBD-DhUAP |
||
| 082 | 0 | 0 |
_a823.7 AUS _223 |
| 100 | 1 | _aAusten, Jane. | |
| 245 | 1 | 0 |
_aEmma / _cJane Austen. |
| 260 |
_aLondon : _bPenguin Books, _cc1994. |
||
| 300 |
_a367 pages ; _c20 cm. |
||
| 490 | 0 | _aPenguin popular classics. | |
| 650 | 0 |
_aYoung women _xFiction. |
|
| 650 | 0 |
_aFemale friendship _vFiction. |
|
| 650 | 0 |
_aFathers and daughters _vFiction. |
|
| 651 | 0 |
_aEngland _xFiction. |
|
| 942 |
_2ddc _cBK |
||